| 000 | 00971nam a2200205 a 4500 | ||
|---|---|---|---|
| 001 | BRCA_2232 | ||
| 005 | 20190320203726.0 | ||
| 008 | 940607s1994 mx-a---###---#000-0#spa-# | ||
| 020 | _a9709123513 | ||
| 040 |
_aDLC _cDLC |
||
| 050 | 4 |
_aR465 _b.F64 1994 |
|
| 245 | 1 | 0 |
_aFlorilegio médico mexicano _bcrónicas, documentos, y relatos de la época colonial con motivo de la celebración del L´aniversario de Syntex, 1944-1994 _cilustrados Gilberto Guerrero ... [et al.] ; y por los maestros invitados, Eugenio Sisto Velasco, José Luis Cuevas, José Luis Farías ; bajo la coordinación de Francisco Baños Urquijo. |
| 260 |
_a[México] _bEmpresario _c1994 |
||
| 300 |
_a96 p. _bil. (algunas a color) _c32 cm. |
||
| 500 | _aCatálogo de la exposición realizada en Museo Franz Mayer (ciudad de México), 29 enero, 1994 | ||
| 650 | 1 | 4 |
_aMedicina _xHistoria. _zMéxico _95513 |
| 700 | 1 |
_aGuerrero, Gilberto _96716 |
|
| 700 | 1 |
_aBaños Urquijo, Francisco _93881 |
|
| 942 |
_2lcc _cB |
||
| 999 |
_c1984 _d1984 |
||